000 00921nam a2200217Ia 4500
999 _c39313
_d39313
001 5899
003 GE_BSU
005 20190822114614.0
008 181216s1963||||ge |||||||||||||| ||geo||
040 _cGE_BSU
041 _ageo
080 _a821.353.1-311.6 ა-13
100 _aაბაშიძე, გრიგოლ
_91383
245 _aდიდი ღამე :
_bმე-13 საუკუნის ქართული ქრონიკა /
_cგრიგოლ აბაშიძე ; რედ. ხ. ბერულავა.
264 _aთბილისი :
_bსაბჭოთა საქართველო ;
_c1963.
300 _a468 გვ. ;
_c20 სმ.
653 _aდიდი ღამე
653 _aმე-13 საუკუნის ქართული ქრონიკა
700 _aბერულავა, ხ.
_eრედაქტორი
_93738
942 _cBK
_2udc